Lanean...

Lévy processes and infinitely divisible distributions /

Xehetasun bibliografikoak
Egile nagusia: Sato, Ken-iti
Formatua: Printed Book
Hizkuntza:English
Japanese
Argitaratua: United Kingdom: Cambridge University Press, 2013.
Edizioa:RevIsed edition, corrected paperback edition.
Saila:Cambridge studies in advanced mathematics ; 68.
Gaiak:
Sarrera elektronikoa:Contributor biographical information
Publisher description
Table of contents only
LEADER 01841cam a22004097i 4500
008 140501s2013 enka b 001 0 eng d
999 |c 136103  |d 136103 
010 |a  2013388693 
020 |a 9781107656499 
020 |a 1107656494 
035 |a (OCoLC)ocn871194420 
041 1 |a eng  |h jpn 
042 |a lccopycat 
082 0 4 |a 519.2/82  |2 23 
100 1 |a Sato, Ken-iti, 
245 1 0 |a Lévy processes and infinitely divisible distributions /  |c Ken-iti Sato, Nagoya University, Japan. 
250 |a RevIsed edition, corrected paperback edition. 
260 |a United Kingdom:  |b Cambridge University Press,  |c 2013. 
300 |a xiv, 521 pages :  |b illustrations ;  |c 23 cm. 
490 1 |a Cambridge studies in advanced mathematics ;  |v 68 
500 |a Originally published in 1999 and reprinted in 2005. 
500 |a Translation of: Kahō katei. 
504 |a Includes bibliographical references (pages 481-512) and indexes. 
650 0 |a Lévy processes. 
650 0 |a Distribution (Probability theory) 
650 7 |a Distribution (Probability theory)  |2 fast 
650 7 |a Lévy processes.  |2 fast 
856 4 2 |3 Contributor biographical information  |u http://www.loc.gov/catdir/enhancements/fy1602/2013388693-b.html 
856 4 2 |3 Publisher description  |u http://www.loc.gov/catdir/enhancements/fy1602/2013388693-d.html 
856 4 1 |3 Table of contents only  |u http://www.loc.gov/catdir/enhancements/fy1602/2013388693-t.html 
942 |c BK 
240 1 0 |a Kahō katei.  |l English 
830 0 |a Cambridge studies in advanced mathematics ;  |v 68. 
906 |a 7  |b cbc  |c copycat  |d 2  |e ncip  |f 20  |g y-gencatlg 
955 |b rl09 2015-08-27 z-processor  |i rl09 2015-08-27 ; to BCCD 
955 |b rl46 2014-05-01 z-processor  |a rl00 2014-05-02 to SMA 
952 |0 0  |1 0  |4 0  |7 0  |9 150650  |a MAT  |b MAT  |c ST1  |d 2016-07-26  |g 2857.04  |i 6884  |l 0  |p MAT6884  |r 2016-07-26  |w 2016-07-26  |y BK